000
00295nam a22001337a 4500
008
170313b xxu||||| |||| 00| 0 eng d
020
_a
0133382036
041
_a
eng
080
_2
3 ED
_a
591
100
_a
7
101
_a
SHM
245
_a
FUNDAMENTALS ENTOMOLOGY
_c
ELZINGA.R.J
942
_2
udc
_c
BK
999
_c
7656
_d
7656